000 01368nam a2200349 c 4500
999 _c175885
_d175885
003 BLK
005 20220325095443.0
008 180411b bul|||||r ||||||| ||bul||
010 _aKNG00184487000
020 _a978-954-357-223-6
040 _aBLK
041 _aBUL
_cBUL
072 7 _2bullib
_aН85
_xДетска художествена литература Н
080 _aНемска литература
_b821.112.2
_x-93-31
_z821.112.2-93-31
139 _aМаар, Паул
_bМ 12
245 1 0 _aСъбо се завръща в събота
_cтекст и ил. Паул Маар; прев. от нем. Красимира Петкова.
257 _aDEU
260 _bЕМАС
_c2011
_fСофия : Авис-24
_aСофия
300 _a152 с.
_bс ил.
_c20 см
380 _aDX
490 _aГолемите разказвачи на ХХІ век
_v16
_9204320
500 _aОриг. загл. Am Samstag kam das Sams zuruck / Paul Maar.
653 _aромани
659 _aН
700 1 _aМаар, Паул
_eтекст и ил.
_9376092
700 1 _aПеткова, Красимира
_eпрев. от нем.
_9372058
852 _aЦб 277852
856 4 _qpdf
856 4 _qpdf
942 _cKNG
_n0
_s1
_02
944 _aCR
_c05.11.2015
_lф /
_kВиолета_Тройчева
944 _aED
_c29.03.2017
_lф /
_kВиолета_Тройчева
999 _d175885